[Event "FRA-ch U18 Girls"]
[Site "Aix les Bains"]
[Date "2009.04.22"]
[Round "5"]
[White "Garma, Jovanka"]
[Black "Armas, Lara Maria"]
[Result "1/2-1/2"]
[WhiteElo "1747"]
[BlackElo "1966"]
[PlyCount "74"]
[EventDate "2009.04.19"]
[EventType "swiss"]
[EventRounds "9"]
[EventCountry "FRA"]
[SourceTitle "CBM 130 Extra"]
[Source "ChessBase"]
[SourceDate "2009.07.02"]
[SourceVersion "2"]
[SourceVersionDate "2009.07.15"]
[SourceQuality "1"]

1. e4 c5 2. Nf3 d6 3. d4 cxd4 4. Nxd4 Nf6 5. f3 a6 6. c4 e6 7. Nc3 Be7 8. Nc2 Qc7 9. Be2 Nbd7 10. 0-0 Ne5 11. Ne3 0-0 12. Kh1 Rd8 13. Qe1 b6 14. Bd2 Bb7 15. Rd1 Rd7 16. Bc1 Rad8 17. a3 a5 18. Qf2 d5 19. cxd5 exd5 20. exd5 Nxd5 21. Nexd5 Bxd5 22. Nxd5 Rxd5 23. Rxd5 Rxd5 24. Bf4 Bd6 25. b3 Nd3 26. Bxd3 Bxf4 27. Bc4 Rh5 28. h3 Bg3 29. Qe3 Re5 30. Qd2 g6 31. a4 Re8 32. f4 Qe7 33. f5 gxf5 34. Rxf5 Qe1+ 35. Qxe1 Rxe1+ 36. Rf1 Rxf1+ 37. Bxf1 f6 1/2-1/2

[Event "FRA-ch U18 Girls"]
[Site "Aix les Bains"]
[Date "2009.04.20"]
[Round "3"]
[White "Garma, Jovanka"]
[Black "Dubois, Emmanuelle"]
[Result "1-0"]
[WhiteElo "1747"]
[BlackElo "1757"]
[PlyCount "103"]
[EventDate "2009.04.19"]
[EventType "swiss"]
[EventRounds "9"]
[EventCountry "FRA"]
[SourceTitle "CBM 130 Extra"]
[Source "ChessBase"]
[SourceDate "2009.07.02"]
[SourceVersion "2"]
[SourceVersionDate "2009.07.15"]
[SourceQuality "1"]

1. e4 c5 2. Nf3 Nc6 3. d4 cxd4 4. Nxd4 Nf6 5. f3 Qb6 6. Nb3 e6 7. c4 Be7 8. Be2 0-0 9. Nc3 a6 10. Qd2 Qc7 11. Qf4 Bd6 12. Qh4 Ne5 13. c5 Bxc5 14. Nxc5 Qxc5 15. Qg5 d6 16. Be3 Qc7 17. 0-0 b5 18. Rac1 Qe7 19. h4 h6 20. Qg3 Ng6 21. f4 Re8 22. h5 Nh8 23. Rcd1 b4 24. e5 bxc3 25. exf6 Qxf6 26. Bd4 e5 27. fxe5 Qg5 28. Qxg5 hxg5 29. Bf3 Rb8 30. Bxc3 dxe5 31. Bc6 Re7 32. Rd8+ Kh7 33. Be4+ g6 34. hxg6+ Nxg6 35. Bf5 Bxf5 36. Rxb8 Bd3 37. Rf3 e4 38. Rh3+ Nh4 39. g3 e3 40. gxh4 g4 41. Rg3 f5 42. Rd8 Bb5 43. Rd5 Bd7 44. Re5 Rf7 45. Rgxe3 Kg6 46. Re7 f4 47. Rxf7 Kxf7 48. Re4 f3 49. Kf2 Kg6 50. Rd4 Bc8 51. Rd5 Kh6 52. b4 1-0

[Event "FRA-ch U18 Girls"]
[Site "Aix les Bains"]
[Date "2009.04.19"]
[Round "1"]
[White "Garma, Jovanka"]
[Black "Jeannerot, Lea"]
[Result "1/2-1/2"]
[WhiteElo "1747"]
[BlackElo "1980"]
[PlyCount "98"]
[EventDate "2009.04.19"]
[EventType "swiss"]
[EventRounds "9"]
[EventCountry "FRA"]
[SourceTitle "CBM 130 Extra"]
[Source "ChessBase"]
[SourceDate "2009.07.02"]
[SourceVersion "2"]
[SourceVersionDate "2009.07.15"]
[SourceQuality "1"]

1. e4 c6 2. d4 d5 3. Nc3 dxe4 4. Nxe4 Nd7 5. Qe2 e6 6. c3 Ngf6 7. Nf3 Nxe4 8. Qxe4 Nf6 9. Qc2 Qc7 10. Bg5 Be7 11. Bd3 h6 12. Bh4 Bd7 13. Bg3 Qb6 14. Ne5 c5 15. dxc5 Qxc5 16. Rd1 Bb5 17. 0-0 0-0 18. Qe2 Bxd3 19. Rxd3 Rfd8 20. Rfd1 Rxd3 21. Rxd3 Rd8 22. Rxd8+ Bxd8 23. Qd3 Bc7 24. Nd7 Nxd7 25. Qxd7 Bxg3 26. hxg3 Qf5 27. Qc8+ Kh7 28. Qxb7 Qb1+ 29. Kh2 Qxa2 30. f3 f5 31. b3 e5 32. c4 Qc2 33. Qc8 f4 34. gxf4 exf4 35. b4 Qg6 36. Qg4 Qxg4 37. fxg4 Kg6 38. b5 Kf6 39. c5 Ke6 40. c6 Kd6 41. Kg1 a6 42. bxa6 Kxc6 43. Kf2 Kb6 44. g3 fxg3+ 45. Kxg3 Kxa6 46. Kf4 g6 47. Ke5 h5 48. gxh5 gxh5 49. Kf4 h4 1/2-1/2

[Event "FRA-ch U18 Girls"]
[Site "La Roche sur Yon"]
[Date "2008.04.22"]
[Round "2"]
[White "Richard, Emma"]
[Black "Garma, Jovanka"]
[Result "1-0"]
[WhiteElo "1985"]
[BlackElo "1770"]
[PlyCount "43"]
[EventDate "2008.04.21"]
[EventType "swiss"]
[EventRounds "9"]
[EventCountry "FRA"]
[SourceTitle "EXT 2010"]
[Source "ChessBase"]
[SourceDate "2010.11.25"]
[SourceVersion "1"]
[SourceVersionDate "2010.11.25"]
[SourceQuality "1"]

1. e4 c5 2. Nf3 Nc6 3. Bb5 g6 4. c3 Bg7 5. 0-0 Nf6 6. Re1 a6 7. Bf1 d6 8. h3 Bd7 9. d4 cxd4 10. cxd4 Rc8 11. e5 dxe5 12. dxe5 Ng8 13. Bc4 e6 14. Nc3 Nxe5 15. Nxe5 Bxe5 16. Rxe5 Rxc4 17. Ne4 Bc8 18. Bg5 Qxd1+ 19. Rxd1 Kf8 20. Rd8+ Kg7 21. Nd6 Rd4 22. Ne8+ 1-0

[Event "FRA-chT2 South 0708"]
[Site "France"]
[Date "2007.11.24"]
[Round "2.8"]
[White "Garma, Jovanka"]
[Black "Lebel Arias, Julia"]
[Result "1/2-1/2"]
[WhiteElo "1738"]
[BlackElo "1948"]
[PlyCount "92"]
[EventDate "2007.10.21"]
[EventType "team"]
[EventRounds "11"]
[EventCountry "FRA"]
[SourceTitle "EXT 2009"]
[Source "ChessBase"]
[SourceDate "2008.11.26"]
[SourceVersion "1"]
[SourceVersionDate "2008.11.26"]
[SourceQuality "1"]
[WhiteTeam "Bordeaux ASPOM"]
[BlackTeam "Monaco"]
[WhiteTeamCountry "FRA"]
[BlackTeamCountry "FRA"]

1. e4 Nf6 2. Nc3 d5 3. exd5 Nxd5 4. Nxd5 Qxd5 5. d4 Nc6 6. Nf3 Bg4 7. Be2 e6 8. 0-0 0-0-0 9. c3 Be7 10. Ne5 Bxe2 11. Qxe2 Nxe5 12. Qxe5 Qxe5 13. dxe5 Rd5 14. Re1 Rhd8 15. f4 Bc5+ 16. Kf1 h6 17. b4 Be7 18. Be3 Rd3 19. Rac1 b6 20. a4 c5 21. a5 Kc7 22. Ke2 g6 23. Rc2 Kc6 24. Rb1 c4 25. axb6 axb6 26. Bd4 g5 27. fxg5 Bxg5 28. b5+ Kd5 29. Bxb6 Rg8 30. Bd4 Bf4 31. Kf1 Bxe5 32. Bxe5 Kxe5 33. b6 Rb8 34. b7 Kd6 35. Rb4 Kc5 36. Rb1 Kc6 37. Rb4 Rxb7 38. Rxc4+ Kd5 39. Rh4 Rb3 40. Rh5+ f5 41. c4+ Kc5 42. g4 Rbc3 43. Rxc3 Rxc3 44. gxf5 Rxc4 45. fxe6+ Kd6 46. Kg2 Kxe6 1/2-1/2

[Event "FRA-ch U16 Girls"]
[Site "Le Grand Bornand"]
[Date "2007.04.??"]
[Round "4"]
[White "Boutant, Jade"]
[Black "Garma, Jovanka"]
[Result "0-1"]
[WhiteElo "1670"]
[BlackElo "1730"]
[PlyCount "108"]
[EventDate "2007.04.07"]
[EventType "swiss"]
[EventRounds "9"]
[EventCountry "FRA"]
[SourceTitle "CBM 118 Extra"]
[Source "ChessBase"]
[SourceDate "2007.07.04"]
[SourceVersion "1"]
[SourceVersionDate "2007.07.04"]
[SourceQuality "1"]

1. d4 d5 2. c4 e6 3. Nf3 Nf6 4. e3 Nbd7 5. Bd3 c6 6. 0-0 Bd6 7. Nc3 0-0 8. Re1 dxc4 9. Bxc4 e5 10. e4 exd4 11. Nxd4 Ne5 12. Bb3 Bc5 13. Nc2 Qxd1 14. Nxd1 Nd3 15. Re2 Bg4 16. Rd2 Rad8 17. Nc3 Nxc1 18. Rxd8 Rxd8 19. Rxc1 Rd2 20. Rf1 a6 21. h3 Be6 22. Nb1 Re2 23. Nc3 Bxb3 24. Nxe2 Bxc2 25. Rc1 Bd3 26. Nf4 Bxf2+ 27. Kxf2 Bxe4 28. g4 h6 29. Rc4 Kf8 30. Rb4 b5 31. a4 a5 32. Rd4 Ke7 33. axb5 cxb5 34. Ke3 Ba8 35. b3 g5 36. Nd3 Bg2 37. Nf2 Nd5+ 38. Kd2 Nf4 39. Ke3 Nxh3 40. Nxh3 Bxh3 41. Kf3 f5 42. gxf5 Bxf5 43. Rd5 Bd7 44. Rd1 h5 45. Re1+ Kf6 46. Rc1 a4 47. bxa4 bxa4 48. Ke4 h4 49. Rf1+ Kg6 50. Ke5 h3 51. Rd1 Bb5 52. Rh1 g4 53. Kf4 Bc6 54. Re1 h2 0-1

[Event "FRA-ch U16 Girls"]
[Site "Le Grand Bornand"]
[Date "2007.04.??"]
[Round "2"]
[White "Forgues, Valerie"]
[Black "Garma, Jovanka"]
[Result "1-0"]
[WhiteElo "1957"]
[BlackElo "1730"]
[PlyCount "85"]
[EventDate "2007.04.07"]
[EventType "swiss"]
[EventRounds "9"]
[EventCountry "FRA"]
[SourceTitle "CBM 118 Extra"]
[Source "ChessBase"]
[SourceDate "2007.07.04"]
[SourceVersion "1"]
[SourceVersionDate "2007.07.04"]
[SourceQuality "1"]

1. e4 c5 2. Nf3 e6 3. d4 cxd4 4. Nxd4 Nf6 5. Bd3 d6 6. Nc3 Be7 7. Be3 0-0 8. 0-0 a6 9. Kh1 b5 10. a3 Bb7 11. f4 Nbd7 12. Qf3 Rc8 13. Rae1 Qa5 14. Bg1 b4 15. Nb3 Qc7 16. axb4 d5 17. Qh3 dxe4 18. Nxe4 Nxe4 19. Bxe4 Bxe4 20. Rxe4 Nf6 21. Re2 Bxb4 22. Bd4 Be7 23. Bc3 Qc4 24. Qf3 Nd5 25. Bd4 Bf6 26. Bxf6 Nxf6 27. h3 Nd5 28. f5 exf5 29. Re5 Nb4 30. Rxf5 Nxc2 31. Rf4 Qe6 32. Nd2 Rcd8 33. Ne4 Nd4 34. Qf2 f5 35. Ng3 Qe5 36. Re1 Qf6 37. Ne4 Qg6 38. Nc5 Qf6 39. b4 g5 40. Ne4 Qg6 41. Nxg5 Qxg5 42. Rxd4 Rxd4 43. Qxd4 1-0

[Event "FRA-ch U16 Girls"]
[Site "Le Grand Bornand"]
[Date "2007.04.??"]
[Round "6"]
[White "Garma, Jovanka"]
[Black "Bomba, Melody"]
[Result "0-1"]
[WhiteElo "1730"]
[BlackElo "1790"]
[PlyCount "74"]
[EventDate "2007.04.07"]
[EventType "swiss"]
[EventRounds "9"]
[EventCountry "FRA"]
[SourceTitle "CBM 118 Extra"]
[Source "ChessBase"]
[SourceDate "2007.07.04"]
[SourceVersion "1"]
[SourceVersionDate "2007.07.04"]
[SourceQuality "1"]

1. e4 e5 2. Nf3 Nc6 3. Bb5 f5 4. d3 fxe4 5. dxe4 Nf6 6. 0-0 Bc5 7. Qe2 d6 8. Qc4 Qe7 9. Bg5 Be6 10. Qa4 0-0 11. c3 Bd7 12. Nbd2 Kh8 13. Qd1 Qe8 14. b4 Bb6 15. a4 a6 16. Bc4 Qg6 17. Re1 Ng4 18. Bh4 Rae8 19. Ra2 Nd8 20. Bg3 Nf7 21. h3 Nf6 22. Bd3 Qxg3 23. Nf1 Qg6 24. Nh4 Qh5 25. Nf5 Qxd1 26. Rxd1 Ng5 27. N1g3 Ngxe4 28. Nxe4 Bxf5 29. Nxd6 cxd6 30. Bxf5 g6 31. Bb1 Rd8 32. Kh2 Nh5 33. f3 Nf4 34. c4 Ne6 35. Be4 Rf7 36. Bd5 Re7 37. a5 Bd4 0-1

[Event "FRA-ch U16 Girls"]
[Site "Le Grand Bornand"]
[Date "2007.04.??"]
[Round "7"]
[White "Muller, Marion"]
[Black "Garma, Jovanka"]
[Result "1-0"]
[WhiteElo "1757"]
[BlackElo "1730"]
[PlyCount "103"]
[EventDate "2007.04.07"]
[EventType "swiss"]
[EventRounds "9"]
[EventCountry "FRA"]
[SourceTitle "CBM 118 Extra"]
[Source "ChessBase"]
[SourceDate "2007.07.04"]
[SourceVersion "1"]
[SourceVersionDate "2007.07.04"]
[SourceQuality "1"]

1. e4 c5 2. Nf3 e6 3. d4 cxd4 4. Nxd4 Nf6 5. Nc3 d6 6. Be2 a6 7. f4 Be7 8. 0-0 Qc7 9. Qe1 b6 10. Qg3 Nbd7 11. Bf3 Bb7 12. e5 Bxf3 13. Qxf3 Nd5 14. Nxd5 exd5 15. Qxd5 0-0 16. Nf5 Nc5 17. exd6 Bxd6 18. Qxd6 Qxd6 19. Nxd6 Rad8 20. Nc4 b5 21. Ne5 f6 22. Nf3 Rf7 23. Be3 Ne4 24. Rfe1 f5 25. Ne5 Rf6 26. c3 Rfd6 27. a3 h6 28. Bd4 a5 29. Nd3 Kf7 30. Rad1 g5 31. Re3 g4 32. Ne5+ Kg8 33. Red3 Re8 34. Bf2 Nxf2 35. Kxf2 Rxd3 36. Rxd3 b4 37. cxb4 axb4 38. a4 Rc8 39. Ke2 h5 40. b3 Rc2+ 41. Rd2 Rc3 42. Rb2 Kf8 43. a5 Ke8 44. a6 Rc8 45. a7 Ra8 46. Ra2 Kd8 47. Nc6+ Kc7 48. Nxb4 Kd6 49. Nd3 Kc6 50. b4 Kb5 51. Nc5 Kxb4 52. Ne6 1-0

[Event "FRA-chT2 West 0607"]
[Site "France"]
[Date "2007.03.31"]
[Round "10.8"]
[White "Garma, Jovanka"]
[Black "Krasnovsky, Galina"]
[Result "1-0"]
[WhiteElo "1730"]
[BlackElo "1180"]
[PlyCount "58"]
[EventDate "2006.10.15"]
[EventType "team"]
[EventRounds "11"]
[EventCountry "FRA"]
[SourceTitle "EXT 2008"]
[Source "ChessBase"]
[SourceDate "2007.11.25"]
[SourceVersion "1"]
[SourceVersionDate "2007.11.25"]
[SourceQuality "1"]
[WhiteTeam "Bordeaux ASPOM"]
[BlackTeam "Le Vesinet"]
[WhiteTeamCountry "FRA"]
[BlackTeamCountry "FRA"]

1. e4 e5 2. Nf3 d6 3. Bc4 Nf6 4. d3 Be7 5. Nc3 c6 6. 0-0 0-0 7. Ne1 Bg4 8. Qd2 b5 9. Bb3 a5 10. a4 b4 11. Ne2 h6 12. f4 Bxe2 13. Qxe2 exf4 14. Bxf4 Nbd7 15. Nf3 Nh5 16. Be3 Nhf6 17. Rad1 Ne5 18. Nxe5 dxe5 19. Rf3 Nh7 20. Rdf1 Bf6 21. Rg3 Bg5 22. Bxg5 Nxg5 23. Qg4 Qd4+ 24. Kh1 Qxb2 25. h4 g6 26. hxg5 h5 27. Qf3 Qd4 28. Qf6 Ra7 29. Qxg6+ Kh8 1-0

[Event "FRA-chT2 West 0607"]
[Site "France"]
[Date "2006.12.10"]
[Round "4.8"]
[White "Naigelblat, Nadine"]
[Black "Garma, Jovanka"]
[Result "0-1"]
[WhiteElo "1499"]
[BlackElo "1760"]
[PlyCount "58"]
[EventDate "2006.10.15"]
[EventType "team"]
[EventRounds "11"]
[EventCountry "FRA"]
[SourceTitle "EXT 2008"]
[Source "ChessBase"]
[SourceDate "2007.11.25"]
[SourceVersion "1"]
[SourceVersionDate "2007.11.25"]
[SourceQuality "1"]
[WhiteTeam "Tours"]
[BlackTeam "Bordeaux ASPOM"]
[WhiteTeamCountry "FRA"]
[BlackTeamCountry "FRA"]

1. e4 e5 2. Nf3 Nc6 3. Bc4 Be7 4. 0-0 Nf6 5. d3 0-0 6. Nc3 d6 7. h3 h6 8. Be3 Be6 9. b3 a6 10. a4 d5 11. exd5 Nxd5 12. Qd2 Nxc3 13. Qxc3 Bb4 14. Qb2 Qf6 15. Rad1 Rad8 16. d4 e4 17. Ne5 Nxe5 18. dxe5 Qg6 19. Kh2 Be7 20. Be2 Bg5 21. Qc3 Bxe3 22. Qxe3 Rfe8 23. Rd4 Rxd4 24. Qxd4 Bf5 25. f4 exf3 26. Bxf3 c6 27. Re1 Qe6 28. Qd6 Qxd6 29. exd6 Rxe1 0-1

[Event "FRA-ch U16 Girls"]
[Site "Aix les Bains"]
[Date "2006.??.??"]
[Round "5"]
[White "Garma, Jovanka"]
[Black "Hamman, Sophie"]
[Result "1/2-1/2"]
[WhiteElo "1860"]
[BlackElo "1740"]
[PlyCount "67"]
[EventDate "2006.04.16"]
[EventType "swiss"]
[EventRounds "9"]
[EventCountry "FRA"]
[SourceTitle "EXT 2007"]
[Source "ChessBase"]
[SourceDate "2006.11.23"]
[SourceVersion "1"]
[SourceVersionDate "2006.11.23"]
[SourceQuality "1"]

1. e4 e5 2. Nf3 Nc6 3. Bb5 a6 4. Bxc6 dxc6 5. 0-0 Bd6 6. d4 exd4 7. Qxd4 f6 8. Re1 Ne7 9. Qc4 Ng6 10. Nbd2 Qe7 11. Qe2 Bd7 12. Nf1 0-0-0 13. Ng3 Ne5 14. Nxe5 Qxe5 15. c3 g6 16. Be3 h5 17. Bd4 Qe7 18. e5 fxe5 19. Bxe5 Rhe8 20. Bxd6 Qxe2 21. Rxe2 Rxe2 22. Nxe2 cxd6 23. Rd1 Kc7 24. Nd4 Re8 25. Kf1 c5 26. Nf3 Bb5+ 27. Kg1 Re2 28. Rd2 Rxd2 29. Nxd2 d5 30. f4 Kd6 31. Kf2 Ke6 32. Ke3 Bc6 33. g3 b6 34. a3 1/2-1/2

[Event "FRA-ch U12 Girls"]
[Site "Le Grand Bornand"]
[Date "2003.??.??"]
[Round "5.4"]
[White "Bismuth, Sarah"]
[Black "Garma, Jovanka"]
[Result "1-0"]
[WhiteElo "1470"]
[BlackElo "1580"]
[PlyCount "130"]
[EventDate "2003.??.??"]
[EventType "swiss"]
[EventRounds "9"]
[EventCountry "FRA"]
[SourceTitle "EXT 2004"]
[Source "ChessBase"]
[SourceDate "2003.11.25"]
[SourceVersion "1"]
[SourceVersionDate "2003.11.25"]
[SourceQuality "1"]

1. e4 e5 2. Nf3 Nc6 3. Nc3 Nf6 4. Bb5 d6 5. Nd5 Be7 6. 0-0 Bd7 7. d3 h6 8. Re1 a6 9. Bc4 Bg4 10. h3 Be6 11. c3 0-0 12. d4 Bxd5 13. Bxd5 exd4 14. cxd4 Nb4 15. Bxb7 Rb8 16. a3 Rxb7 17. axb4 Rxb4 18. Rxa6 Re8 19. Qc2 Qc8 20. Rc6 Rb7 21. Bf4 Qb8 22. Rb1 Bf8 23. Nd2 Be7 24. Rc3 Bd8 25. b3 Rb4 26. Rc4 Rb7 27. Ra1 d5 28. exd5 Nxd5 29. Bg3 Nb4 30. Qc3 Nd5 31. Qf3 Nf6 32. Rac1 Qa7 33. Be5 Re6 34. Qg3 Qa5 35. Ne4 Qd5 36. Nc5 Rbb6 37. Nxe6 Rxe6 38. Bxc7 Bxc7 39. Qxc7 Ne4 40. Qb8+ Kh7 41. Qb4 Rg6 42. f3 Ng5 43. Kf2 Qf5 44. Re1 Rf6 45. Qb7 Qd3 46. h4 Ne6 47. Qe4+ Qxe4 48. Rxe4 Nf4 49. b4 Nd3+ 50. Ke3 Nb2 51. Rc7 Rb6 52. Rxf7 Rxb4 53. Ree7 Nc4+ 54. Kf2 Rb2+ 55. Kg3 Nd6 56. Rxg7+ Kh8 57. Rh7+ Kg8 58. Ra7 Nf5+ 59. Kh3 Rb1 60. g4 Nd6 61. Rhd7 Ne8 62. Rd8 Kf8 63. Raa8 Re1 64. Rxe8+ Rxe8 65. Rxe8+ Kxe8 1-0

[Event "FRA-ch U12 Girls"]
[Site "Le Grand Bornand"]
[Date "2003.??.??"]
[Round "4.1"]
[White "Garma, Jovanka"]
[Black "Forestier, Carole"]
[Result "0-1"]
[WhiteElo "1580"]
[BlackElo "1750"]
[PlyCount "69"]
[EventDate "2003.??.??"]
[EventType "swiss"]
[EventRounds "9"]
[EventCountry "FRA"]
[SourceTitle "EXT 2004"]
[Source "ChessBase"]
[SourceDate "2003.11.25"]
[SourceVersion "1"]
[SourceVersionDate "2003.11.25"]
[SourceQuality "1"]

1. e4 e6 2. Nc3 d5 3. d4 Nf6 4. e5 Ne4 5. Nxe4 dxe4 6. Be3 c5 7. dxc5 Nd7 8. Bb5 Qa5+ 9. c3 Qxb5 10. b3 Qd3 11. Ne2 Qxd1+ 12. Rxd1 Nxe5 13. 0-0 Bd7 14. Ng3 Bc6 15. a3 Be7 16. h3 0-0 17. Bd4 Nd3 18. Nh5 e5 19. Be3 f5 20. Bc1 Bxc5 21. b4 Bb6 22. c4 Nxf2 23. Rxf2 e3 24. Re2 f4 25. Rde1 g6 26. Nxf4 exf4 27. c5 Bd8 28. Bb2 Bh4 29. Rd1 Bf2+ 30. Kh2 Bxg2 31. Rxf2 exf2 32. Kxg2 Rad8 33. Rc1 Rd3 34. Kxf2 Rxh3 35. Rf1 0-1